The customization of science : the impact of religious and political worldviews on contemporary science /
"This book explores whether and how religious and secular worldviews and political ideologies held by scientists, citizens, decision-makers and politicians influence science as practiced and understood today. In this book, customized science is defined as a science built according to - or alter...
Saved in:
| Other Authors: | , , |
|---|---|
| Format: | Book |
| Language: | English |
| Published: |
Houndmills, Basingstoke, Hampshire ; New York, NY :
Palgrave Macmillan,
2014.
|
| Subjects: | |
| Tags: |
Add Tag
No Tags, Be the first to tag this record!
|
| LEADER | 04336cam a2200601 i 4500 | ||
|---|---|---|---|
| 001 | 014148043-2 | ||
| 005 | 20170624024200.0 | ||
| 008 | 140519s2014 enk b 001 0 eng | ||
| 010 | |a 2014019744 | ||
| 015 | |a GBB465214 |2 bnb | ||
| 016 | 7 | |a 016760996 |2 Uk | |
| 020 | |a 9781137379603 (hardback) | ||
| 020 | |a 113737960X (hardback) | ||
| 035 | |a (PromptCat)99959635980 | ||
| 035 | 0 | |a ocn873725594 | |
| 040 | |a DLC |e rda |b eng |c DLC |d YDX |d BTCTA |d BDX |d UKMGB |d YDXCP |d CDX |d OCLCF | ||
| 042 | |a pcc | ||
| 050 | 0 | 0 | |a Q175.5 |b .C87 2014 |
| 082 | 0 | 0 | |a 303.48/33 |2 23 |
| 084 | |a REL106000 |a SCI075000 |a SOC039000 |2 bisacsh | ||
| 245 | 0 | 4 | |a The customization of science : |b the impact of religious and political worldviews on contemporary science / |c edited by Steve Fuller, University of Warwick, UK, Mikael Stenmark, Uppsala University, Sweden, Ulf Zackariasson, Uppsala University, Sweden. |
| 264 | 1 | |a Houndmills, Basingstoke, Hampshire ; |a New York, NY : |b Palgrave Macmillan, |c 2014. | |
| 300 | |a xii, 209 pages ; |c 23 cm | ||
| 336 | |a text |2 rdacontent | ||
| 337 | |a unmediated |2 rdamedia | ||
| 338 | |a volume |2 rdacarrier | ||
| 520 | |a "This book explores whether and how religious and secular worldviews and political ideologies held by scientists, citizens, decision-makers and politicians influence science as practiced and understood today. In this book, customized science is defined as a science built according to - or altered and fitted to - a particular group's specifications, that is, its needs, interests or values, its political ideology or worldview. It is science governed not merely by goals such as increased knowledge and explanatory power, but also by goals such as economic growth, sustainable development, the equality of women or the end of religion. The contributions to this book discuss, with regard to particular worldviews and themes connected to the public role of science, whether science is increasingly becoming customized to fit the needs and interests of various groups in society, but also what the consequences of such a development may be both for science and society"-- |c Provided by publisher. | ||
| 504 | |a Includes bibliographical references and index. | ||
| 505 | 0 | |a 1. The Customization of Science: An Introduction to the Debate; Mikael Stenmark -- PART I: WORLDVIEWS AND CUSTOMIZED SCIENCE -- 2. Islam and Science; Nidhal Guessoum -- 3. Feminism and Science; Lynn Hankinson Nelson -- 4. Christianity and Science; Reň van Woudenberg -- 5. Atheism and Science; Michael Ruse -- SCIENCE AND SCIENTISTS ON CUSTOMIZED SCIENCE -- 6. Implicit and Explicit Customized Science: The Case of Evolutionary Biology; Ullica Segerstrale -- 7. On Religious and Anti-Religious Customization of Contemporary Physics; Bengt Gustafsson -- 8. Theology and the Origins of Customized Science; Carl Reinhold Br̄kenhielm -- SOCIETY AND THE CUSTOMIZATION OF SCIENCE -- 9. Customised Science as a Reflection of Protscience; Steve Fuller -- 10. Science as Customized and Customizing; Ulf Zackariasson -- 11. Bioconservatism as Customized Science; Adam Briggle -- POSTSCRIPT -- 12. The Future of the Customized Science-Debate; Ulf Zackariasson and Mikael Stenmark<br/>. | |
| 650 | 0 | |a Science |x Social aspects. | |
| 650 | 0 | |a Religion |x Social aspects. | |
| 650 | 0 | |a Religion and science. | |
| 650 | 7 | |a RELIGION / Religion & Science. |2 bisacsh | |
| 650 | 7 | |a SCIENCE / Philosophy & Social Aspects. |2 bisacsh | |
| 650 | 7 | |a SOCIAL SCIENCE / Sociology of Religion. |2 bisacsh | |
| 650 | 7 | |a Religion and science. |2 fast |0 (OCoLC)fst01093848 | |
| 650 | 7 | |a Religion |x Social aspects. |2 fast |0 (OCoLC)fst01093805 | |
| 650 | 7 | |a Science |x Social aspects. |2 fast |0 (OCoLC)fst01108360 | |
| 650 | 1 | 2 | |a Religion and Science. |
| 650 | 7 | |a Ethical issues & debates. |2 thema | |
| 650 | 7 | |a Ethical issues: scientific & technological developments. |2 bicssc | |
| 650 | 7 | |a Religion & science. |2 bicssc | |
| 650 | 7 | |a Religion & science. |2 thema | |
| 650 | 7 | |a Religion. |2 ukslc | |
| 650 | 7 | |a Religious & theocratic ideologies. |2 bicssc | |
| 650 | 7 | |a Religious & theocratic ideologies. |2 thema | |
| 650 | 7 | |a SOCIAL SCIENCE / General |2 bisacsh | |
| 700 | 1 | |a Fuller, Steve, |d 1959- |e editor. | |
| 700 | 1 | |a Stenmark, Mikael, |e editor. | |
| 700 | 1 | |a Zackariasson, Ulf, |d 1970- |e editor. | |
| 899 | |a 415_565173 | ||
| 988 | |a 20140826 | ||
| 906 | |0 DLC | ||


